Red letter day? (Record no. 75719)

MARC details
000 -LEADER
fixed length control field 00687cab a2200181 4500
001 - CONTROL NUMBER
control field L130595
008 - FIXED-LENGTH DATA ELEMENTS--GENERAL INFORMATION
fixed length control field 050815n2005 000 0 eng u
035 ## - SYSTEM CONTROL NUMBER
System control number (Sirsi) u130595
041 ## - LANGUAGE CODE
Language code of text/sound track or separate title eng
100 ## - MAIN ENTRY--PERSONAL NAME
Personal name Smith, David
245 ## - TITLE STATEMENT
Title Red letter day?
260 ## - PUBLICATION, DISTRIBUTION, ETC.
Date of publication, distribution, etc. 2005
490 ## - SERIES STATEMENT
Series statement Taxation
Volume/sequential designation 155(4019) 28 July 2005, 455-457(3)
520 ## - SUMMARY, ETC.
Summary, etc. Advises contractors and sub-contractors who have received letters from HM Revenue and Customs about their employment status not to panic, but to ensure that the appropriate contract between parties to provide services is in place.
590 ## - LOCAL NOTE (RLIN)
Local note IKA160805
690 ## - LOCAL SUBJECT ADDED ENTRY--TOPICAL TERM (OCLC, RLIN)
Topical term or geographic name as entry element MANAGEMENT-BUSINESS MANAGEMENT-HUMAN RESOURCE MANAGEMENT
942 ## - ADDED ENTRY ELEMENTS (KOHA)
Suppress in OPAC 0
Holdings
Withdrawn status Lost status Source of classification or shelving scheme Damaged status Not for loan Home library Current library Shelving location Date acquired Total Checkouts Full call number Barcode Date last seen Copy number Price effective from Koha item type
    Dewey Decimal Classification     London London Journal article 15/08/2005   L130595 130595-1001 06/08/2019 1 06/08/2019 Journal article